000 01775nam a2200541 i 4500
001 55228
003 KOSZ 005
005 20220316151319.0
008 080604s2007 pl a f f |001 0 pol
015 _aUWD 2008/13911
020 _a9788324608379
035 _a991042362429705066
035 _a(PL-WaBN)b21363948-48omnis_nlop
035 _ab21363948
035 _a(OCoLC)750077792
035 _azz2007974855
035 _a(PL)b0000002136394
035 _a(EXLNZ-48OMNIS_NETWORK)9910056815605606
040 _aWA N
_cWA N
_dKOSZ 005/HR
041 1 _apol
_heng
046 _k2005
080 _a004.4'236
080 _a(07)
100 1 _aPowers, Lars
_eAutor
245 1 0 _aMicrosoft Visual Studio 2005 /
_cLars Powers, Mike Snell ; [tł. Tomasz Walczak, Maria Chaniewska].
246 1 _iTyt. oryg.:
_aMicrosoft Visual Studio 2005 unleashed,
_f2005
246 3 0 _aVisual Studio 2005
260 _aGliwice :
_bWydawnictwo Helion,
_ccop. 2007.
300 _a840 s. :
_bil. ;
_c25 cm.
336 _aTekst
_btxt
_2rdacontent
337 _aBez urządzenia pośredniczącego
_bn
_2rdamedia
338 _aWolumin
_bnc
_2rdacarrier
380 _aKsiążki
388 _a2001-
490 1 _aKsięga Eksperta
504 _aIndeks.
650 7 _aVisual Studio
_2DBN
655 7 _aPodręcznik
_2DBN
658 _aInformatyka i technologie informacyjne
700 1 _aChaniewska, Maria
_eTłumaczenie
700 1 _aSnell, Mike
_eAutor
700 1 _aWalczak, Tomasz
_eTłumaczenie
710 2 _aHelion
_4pbl
830 0 _aKsięga Eksperta
856 _uhttp://koha.tu.koszalin.pl/cgi-bin/koha/opac-detail.pl?biblionumber=55228
_yKatalog online BPK
942 _2UKD
_cKS
999 _c55228
_d55228